| 000 | 00000nam##2200000za#4500 |
| 001 | 9.699623 |
| 003 | CaOODSP |
| 005 | 20210625000448 |
| 007 | cr ||||||||||| |
| 008 | 150407|2006||||xxc|||||o f|0| 0 eng|d |
| 040 | |aCaOODSP|beng |
| 043 | |an-cn--- |
| 086 | 1 |aH128-1/06-453E-PDF |
| 110 | 1 |aCanada.|bHealth Canada. |bConsumer Product Safety. |
| 245 | 10|aGuidelines for cosmetic advertising and labelling claims / |h[electronic resource]|cin conjunction with Advertising Standards Canada. |
| 260 | |aOttawa - Ontario : |bHealth Canada. |cFebruary 2006. |
| 300 | |a22p.|btables |
| 500 | |aThe catalogue number (H128-1/06-453) and ISBN (0-662-49001-0) for the bilingual print edition have been incorrectly copied in this electronic publication. |
| 590 | |a14-14-Supp|b2014-07-24 |
| 690 | 07|aAdvertising|2gcpds |
| 690 | 07|aGuidelines|2gcpds |
| 690 | 07|aPersonal care products|2gcpds |
| 775 | 08|tLignes directrices - allégations acceptables pour la publicité et l'étiquetage des cosmétiques / |w(CaOODSP)9.643600 |
| 856 | 40|ahttp://publications.gc.ca|qPDF|s424 KB|uhttps://publications.gc.ca/collections/collection_2014/sc-hc/H128-1-06-453-eng.pdf |
| 986 | |aHC Pub.: 4285 |